000 00336nam a2200145Ia 4500
008 150301s2013 xx 000 0 und d
082 _a611
_bG13R
100 _aRAWANI, SHOBHA
245 _aTB. OF GENERAL ANATOMY
250 _a2ND
260 _bJAYPEE
_aDELHI
_c2013
300 _a218
650 _aHUMAN ANATOMY
942 _2ddc
_cBK
_021
999 _c6575
_d6575